Statistiken für Flüsse/Seen/Meere/Meeresstraßen Europas

Klicken Sie hier um das Quiz zu spielen!

Allgemein

  • Dieses Quiz wurde 449 mal gespielt
  • Das Durchschnittsergebnis liegt bei 18 aus 40

Antworten auf der Karte

Die Antworten werden auf der Karte rot bzw. grün angezeigt, abhängig davon wie oft sie richtig erraten wurden.
 

Antwortstatistiken

Antwort% Korrekt
Nordsee
93%
Ostsee
93%
Don
89%
Donau
86%
Rhein
86%
Elbe
81%
Po
77%
Schwarzes Meer
76%
Bodensee
74%
Seine
74%
Themse
70%
Oder
69%
Wolga
67%
Loire
57%
Rhone
55%
Gardasee
52%
Adriatisches Meer
48%
Ebro
48%
Weichsel
48%
Genfer See
47%
Tiber
47%
Ägäisches Meer
43%
Ärmelkanal
40%
Plattensee
36%
Ladogasee
31%
Garonne
26%
Golf von Biskaya
26%
Ionisches Meer
26%
Marmarameer
23%
Weißes Meer
21%
Asowsches Meer
18%
Tyrrhenisches Meer
18%
Europäische Nordmeer
17%
Golf von Genua
15%
Kaspisches Meer
14%
Barentsee
12%
Vätternsee
10%
Guadalquivir
9%
Vänersee
8%
Peipussee
6%

Verteilung der Resultate

Perzentil nach korrekt beantworteten Fragen

Anzahl Personen mit jedem Resultat

Ihre Resultats-Entwicklung

Sie haben dieses Quiz noch nicht gespielt